La commune la moins peuplée de chaque région française - Carte Quiz - Statistiques

Statistiques générales
  • Ce quiz a été pris 28 fois
  • Le résultat moyen est 7 sur 18
Réponses sur la Carte
Les réponses sont colorées sur une échelle allant du rouge au vert en fonction du pourcentage des utilisateurs qui les ont devinées à leur premier essai. Vous pouvez retrouver ces pourcentages ci-dessous.
 
Statistiques - réponses
Réponse % Correct
Rochefourchat
75%
Terre-de-Bas
67%
Saint-Léger-du-Ventoux
58%
Acoua
54%
Loc-Envel
54%
Leménil-Mitry
46%
Grand'Rivière
42%
Saint-Philippe
38%
Caubous
33%
Saint-Élie
33%
Mérona
29%
Nauvay
29%
Épécamps
25%
Érone
25%
Beissat
17%
Montenils
17%
Saint-Céols
17%
Taillepied
13%
Aucun quiz correspondant
Distribution des résultats
% des personnes avec chaque résultat
Percentile par nombre de réponses
Votre historique - résultats
Vous n’avez pas pris ce quiz